Online
Catalog

Descubrimiento y conquista de América : (Record no. 34640)

MARC details
000 -CABECERA
campo de control de longitud fija 02331nam a2200265 a 4500
001 - NÚMERO DE CONTROL
campo de control 000035149
003 - IDENTIFICADOR DEL NÚMERO DE CONTROL
campo de control DO-SdBNP
005 - FECHA Y HORA DE LA ÚLTIMA TRANSACCIÓN
campo de control 20250318152040.0
008 - DATOS DE LONGITUD FIJA--INFORMACIÓN GENERAL
campo de control de longitud fija 111025s1964 ag a 000 0 spa d
040 ## - FUENTE DE LA CATALOGACIÓN
Centro catalogador/agencia de origen DO-SdBNP
Lengua de catalogación spa
Centro/agencia transcriptor BNPHU
100 1# - ENTRADA PRINCIPAL--NOMBRE DE PERSONA
Nombre de persona Molinari, Diego Luis,
Fechas asociadas al nombre 1889-1966
9 (RLIN) 60860
245 10 - MENCIÓN DE TÍTULO
Título Descubrimiento y conquista de América :
Resto del título de Erik el Rojo a Hernán Cortés /
Mención de responsabilidad, etc. Diego Luis Molinari.
260 ## - PUBLICACIÓN, DISTRIBUCIÓN, ETC.
Lugar de publicación, distribución, etc. Buenos Aires :
Nombre del editor, distribuidor, etc. Editorial Universitaria de Buenos Aires,
Fecha de publicación, distribución, etc. 1964.
300 ## - DESCRIPCIÓN FÍSICA
Extensión 184 p. :
Otras características físicas il., maps. ;
Dimensiones 23 cm.
490 0# - MENCIÓN DE SERIE
Mención de serie Biblioteca de América. Manuales historia
505 0# - NOTA DE CONTENIDO CON FORMATO
Nota de contenido con formato Contenido:
Título Los conocimientos de la época. --
-- El saber astronómico en la Edad Media (siglos XI-XV). --
-- El arte de la navegación (siglos XI-XV). --
-- Las rutas del comercio y la navegación. --
-- El mundo conocido antes de Colón. --
-- El mundo conocido en el año 1000. --
-- El descubrimiento de América por los nórdicos (siglos XI). --
-- El reconocimiento del Asia. --
-- Los sistemas mercantiles. --
-- Los descubrimientos en el África (siglos XIII-XV). --
-- La España del descubrimiento. --
-- Los Estados ibéricos (siglos XIII-XV). --
-- Las instituciones de Castilla (siglos XI-XV). --
-- La organización política (siglos XI-XV). --
-- Castilla y Aragón (1469-1504). --
-- La expansión castellana (1480-1516). --
-- El descubrimiento. --
-- La partición del mundo entre castellanos y portugueses (1493-1529). --
-- Otros viajes y conquistas. --
-- Los descubrimientos de los ingleses (1497-1498). --
-- Los descubrimientos castellanos (1498-1501). --
-- Los descubrimientos portugueses (1494-1500). --
-- América Vespucio. --
-- La cartografía de los primeros viajes (1500-1507). --
-- Empresas, descubrimientos, conquistas. --
-- La conquista de México. --
-- Índice de mapas. --
-- Índice de nombres de personas. --
-- Índice de nombres geográficos americanos.
510 0# - NOTA DE CITAS O REFERENCIAS BIBLIOGRÁFICAS
Nombre de la fuente Índice de mapas: p. 185.
510 0# - NOTA DE CITAS O REFERENCIAS BIBLIOGRÁFICAS
Nombre de la fuente Índice de nombres de personas: p. 175-180
510 0# - NOTA DE CITAS O REFERENCIAS BIBLIOGRÁFICAS
Nombre de la fuente Índice de nombres geográficos americanos: p. 181-184
590 ## - NOTA LOCAL (RLIN)
Nota local Perteneció a la biblioteca personal de Juan Isidro Jimenes Grullón
650 24 - PUNTO DE ACCESO ADICIONAL DE MATERIA--TÉRMINO DE MATERIA
Término de materia o nombre geográfico como elemento de entrada Descubrimientos geográficos
9 (RLIN) 27535
651 #4 - PUNTO DE ACCESO ADICIONAL DE MATERIA--NOMBRE GEOGRÁFICO
Nombre geográfico América --
Subdivisión general Descubrimiento y exploración --
-- Españoles
9 (RLIN) 544
Subdivisión de forma Ensayo, conferencias, etc.
651 #4 - PUNTO DE ACCESO ADICIONAL DE MATERIA--NOMBRE GEOGRÁFICO
Nombre geográfico América
Subdivisión general Historia
Subdivisión cronológica HASTA 1810
9 (RLIN) 60861
942 ## - ELEMENTOS DE PUNTO DE ACCESO ADICIONAL (KOHA)
Fuente del sistema de clasificación o colocación Dewey Decimal Classification
Tipo de ítem Koha Libro
Holdings
Estado de retiro Estado de pérdida Restricciones de uso No para préstamo Código de colección Localización permanente Ubicación/localización actual Ubicación en estantería Fecha de adquisición Número de inventario Total de préstamos Signatura topográfica completa Código de barras Fecha visto por última vez Precio válido a partir de Tipo de ítem Koha Nota pública
        Monografías: Libros y Folletos General General Orden iniciada 25.10.2011 LF1   35149-10 25.06.2020 25.06.2020 No se presta Biblioteca Juan Isidro Jiménes Grullón

Powered by Koha